| 000 | 01937pam a2200421 a 4500 | ||
|---|---|---|---|
| 001 | 2780 | ||
| 003 | FISKH | ||
| 005 | 20240717091637.0 | ||
| 008 | 930922s1994 nyua j b 001 0beng | ||
| 010 | _a 93033573 | ||
| 020 | _a0525674268 : | ||
| 020 | _a9780439168410 | ||
| 040 |
_aDLC _cDLC _dDLC _beng |
||
| 042 | _alcac | ||
| 043 | _an-us--- | ||
| 050 | 0 | 0 |
_aE185.97.K47 _bM43 1994 |
| 082 | 0 | 0 |
_a323/.092 _aB _220 |
| 100 | 1 |
_aMedearis, Angela Shelf, _d1956- |
|
| 245 | 1 | 0 |
_aDare to dream : _bCoretta Scott King and the civil rights movement / _cby Angela Shelf Medearis ; illustrated by Anna Rich. |
| 250 | _aFirst Scholastic printing, January 2000 | ||
| 260 |
_aNew York : _bScholastic, _c1994 |
||
| 300 |
_a60 pages : _billustrations ; _c20 cm |
||
| 520 | _aDare to Dream chronicles the vision and life of Coretta Scott King, wife of Dr. Martin Luther King, Jr. and provides young readers with a clear, concise chronology of the civil rights movement. Through years of turmoil and violent hatred that deprived a movement of its greatest leader, Coretta Scott King has remained a lasting figure of peace and harmony. | ||
| 600 | 1 | 0 |
_aKing, Coretta Scott, _d1927-2006 _vJuvenile literature. |
| 600 | 1 | 0 |
_aKing, Martin Luther, _cJr., _d1929-1968 _vJuvenile literature. |
| 600 | 1 | 1 |
_aKing, Coretta Scott, _d1927-2006. |
| 650 | 0 |
_aAfrican Americans _xCivil rights _vJuvenile literature. |
|
| 650 | 0 |
_aCivil rights movements _zUnited States _xHistory _y20th century _vJuvenile literature. |
|
| 650 | 0 |
_aAfrican Americans _vBiography _vJuvenile literature. |
|
| 650 | 0 |
_aCivil rights workers _zUnited States _vBiography _vJuvenile literature. |
|
| 650 | 1 | _aCivil rights workers. | |
| 650 | 1 |
_aCivil rights movements _xHistory. |
|
| 650 | 1 |
_aAfrican Americans _vBiography. |
|
| 650 | 1 |
_aWomen _vBiography. |
|
| 700 | 1 |
_aRich, Anna, _d1956- _eillustrator |
|
| 906 |
_a7 _bcbc _corignew _d1 _eocip _f19 _gy-gencatlg |
||
| 942 |
_2ddc _cBK _n0 |
||
| 999 |
_c2780 _d2780 |
||